000 00545nam a22001817a 4500
003 OSt
005 20140310182438.0
008 130311t xxu||||| |||| 00| 0 eng d
020 _a9781437727845
050 _aR 123
_b.L581 2012
100 _aLeonard, Peggy C.
_97898
245 _aBuilding a medical vocabulary :
_bwith Spanish translations /
_cPeggy C. Leonard.
260 _aSt. Louis, Mo. :
_bElsevier,
_cc2012.
300 _a706 p. :
_c28 cm.
_bill. col. ;
650 _aMedical Vocabulary.
_97899
942 _2lcc
_cSSLC
999 _c13478
_d13478